Normal view
MARC view
- Filiu, Jean-Pierre
Entry Personal Name
001 - CONTROL NUMBER
- control field: 105281
003 - CONTROL NUMBER IDENTIFIER
- control field: NUST
005 - DATE AND TIME OF LATEST TRANSACTION
- control field: 20221220102350.0
008 - FIXED-LENGTH DATA ELEMENTS
- fixed length control field: 221220|| aca||aabn | a|a d
040 ## - CATALOGING SOURCE
- Original cataloging agency: NUST
- Transcribing agency: NUST
100 ## - HEADING--PERSONAL NAME
- Personal name: Filiu, Jean-Pierre
670 ## - SOURCE DATA FOUND
- Source citation: Work cat.: (NUST)0: Filiu, Jean-Pierre, author., From deep state to Islamic State :
